| 000 | 03254cam a22002414a 4500 | ||
|---|---|---|---|
| 005 | 20250605163944.0 | ||
| 008 | 250528s ||||||||||||||||||||||||d | ||
| 035 | _a15133 | ||
| 020 | _a9602861878 | ||
| 040 |
_aGR-AtMCL _bgre _dGR-AtMCL _eAACR2 |
||
| 245 | 1 | _aΜάνατζμεντ Μικρομεσαίων Επιχειρήσεων / Ένατη Έκδοση | |
| 250 | _a9η | ||
| 260 |
_bΈλλην, _c1995 |
||
| 300 | _a448 | ||
| 505 | 0 | _aΕπιχειρηματίες: Η Κινητήρια Δύναμη των Μικρομεσαίων Επιχειρήσεων, Μικρομεσαίες Επιχειρήσεις: Ζωτικό Στοιχείο της Οικονομίας, Πλεονεκτήματα του Ανταγωνισμού: Στρατηγική των Προϊόντων και η Εξυπηρέτηση των Πελατών, Ευκαιρίες Ίδυσης και Πώλησης, Franchising, Ευκαιρίες Οικογενειακών Επιχειρήσεων, Η Δημιουργία Ενός Επίσημου Σχεδίου της Επιχείρησης, Δημιουργία του Σχεδίου Μάρκετινγκ, Επιλογή της Μορφής Ιδιοκτησίας, Στρατηγικές Τιμολόγησης και Πίστωσης, Κανάλια Προϊόντων και Διεθνείς Αγορές, Η Διοίκηση των Ανθρώπινων Πόρων, Αγορά και Διαχείριση Αποθεμάτων, Προϋπολογισμού Κεφαλαίου, Τεχνολογία των Υπολογιστών για Μικρομασαίες Επιχειρήσεις, Κοινωνικά και Ηθικά Θέματα, Εργασία Εντός Νομικών Πλαισίων, Περιπτώσεις. | |
| 520 | _aΕπιχειρηματίες: Η Κινητήρια Δύναμη των Μικρομεσαίων Επιχειρήσεων, Μικρομεσαίες Επιχειρήσεις: Ζωτικό Στοιχείο της Οικονομίας, Πλεονεκτήματα του Ανταγωνισμού: Στρατηγική των Προϊόντων και η Εξυπηρέτηση των Πελατών, Ευκαιρίες Ίδυσης και Πώλησης, Franchising, Ευκαιρίες Οικογενειακών Επιχειρήσεων, Η Δημιουργία Ενός Επίσημου Σχεδίου της Επιχείρησης, Δημιουργία του Σχεδίου Μάρκετινγκ, Επιλογή της Μορφής Ιδιοκτησίας, Στρατηγικές Τιμολόγησης και Πίστωσης, Κανάλια Προϊόντων και Διεθνείς Αγορές, Η Διοίκηση των Ανθρώπινων Πόρων, Αγορά και Διαχείριση Αποθεμάτων, Προϋπολογισμού Κεφαλαίου, Τεχνολογία των Υπολογιστών για Μικρομασαίες Επιχειρήσεις, Κοινωνικά και Ηθικά Θέματα, Εργασία Εντός Νομικών Πλαισίων, Περιπτώσεις. | ||
| 700 | 1 |
_aLongnecker Justin G. _9983 |
|
| 700 | 1 |
_aMoore Carlos W _9984 |
|
| 700 | 1 |
_aPetty William J _9985 |
|
| 942 | _cBK | ||
| 999 |
_c727 _d727 |
||